000 00285nam a22001217a 4500
008 170407b xxu||||| |||| 00| 0 eng d
041 _aALB
080 _a611.018
100 _a9
101 _aSHM
245 _aHISTOPATOLOGJIA E GLOMERULONEFRITEVE PARESORE
_cALIA, L
942 _2udc
_cBK
999 _c10095
_d10095